|
|
|
|
| LEADER |
00000nam0a2200000 4500 |
| 001 |
129760 |
| 005 |
20231101220210.0 |
| 035 |
|
|
|a (RuTPU)RU\TPU\book\140467
|
| 090 |
|
|
|a 129760
|
| 100 |
|
|
|a 20080128d1960 m y0rusy50 ca
|
| 101 |
1 |
|
|a rus
|c eng
|
| 102 |
|
|
|a RU
|
| 105 |
|
|
|a a z 000ay
|
| 200 |
1 |
|
|a Жизнь на Миссисипи
|e пер. с англ.
|f М. Твен
|g худож. П. И. Луганский
|
| 210 |
|
|
|a Петрозаводск
|c Книжное издательство
|d 1960
|
| 215 |
|
|
|a 349 с.
|c ил.
|
| 610 |
1 |
|
|a американская литература
|
| 610 |
1 |
|
|a приключения
|
| 675 |
|
|
|a 82
|v 3
|
| 700 |
|
1 |
|a Твен
|b М.
|c американский писатель
|c настоящие имя и фамилия Самюэл Ленгхорн Клеменс
|f 1835-1910
|g Марк
|2 stltpush
|3 (RuTPU)RU\TPU\pers\15890
|9 5545
|
| 702 |
|
1 |
|a Луганский
|b П. И.
|4 440
|
| 801 |
|
1 |
|a RU
|b 63413507
|c 20080128
|g PSBO
|
| 801 |
|
2 |
|a RU
|b 63413507
|c 20201203
|g PSBO
|
| 942 |
|
|
|c BK
|